000 00565nam a2200169 a 4500
008 120416s1975 ||||||||||||||||| || u
020 _a0023948809
050 _aHB 851 Pet
100 _aPetersen, William
245 1 0 _aPopulation. (3rd ed.)
250 _a3rd ed.
260 _aNew York:
_bMacmillan
_c1975
300 _axi, 784 p.: ill.
350 _a0.00
650 _aPOPULATION--ENVIRONMENTAL ASPECTS
995 _D0.00
_FCBU-MAIN LIBRARY (Kitwe)
_H1
_I1.00
_M1
_UAVAILABLE
_ZAnnex Low-Usage Collection
999 _c53990
_d53990